Estatísticas para Os 15 principais países com mortes por Covid19 - 1 de junho

Clique aqui para jogar o quiz

Estatísticas Gerais

  • Esse quiz foi jogado 3 vezes
  • A pontuação média é 13 de 20

Estatísticas das Respostas

país% Correto
Brasil
100%
Espanha
100%
Estados Unidos
100%
França
100%
Itália
100%
Rússia
100%
Alemanha
67%
Canadá
67%
Índia
67%
Irlanda
67%
México
67%
Reino Unido
67%
Suécia
67%
Suíça
67%
Bélgica
33%
Irão
33%
Países Baixos
33%
Peru
33%
Portugal
33%
Equador
0%

Distribuição das Pontuações

Percentil de Números Respondidos

Porcentagem de Pessoas com Cada Pontuação

Sua Pontuação Histórica

Você não jogou esse quiz